000 00571nam a22001575i 4500
001 98643
003 ES-MaACL
007 t|
008 950918s1866 fr ||||1| fre d
040 _aCAM
_bspa
_cCAM
100 1 _aEgger, Emile.
_946721
245 1 0 _aEtudes historiques sur les traités publics chez les grecs et chez les romains depuis les temps les plus anciens jusqu'aux premiers siécles de l'ere chrètienne /
_cpar E. Egger.
260 _aParis :
_b[s.n.],
_c1866 (
_fAd. Lainé et J. Havard)
300 _aXVIII, 320 p. ;
_c22 cm.
852 _aES-MaACL
_jG-13191
999 _c98643
_d98643